Techniques and problems of theory construction in sociology

Gespeichert in:
Bibliographische Detailangaben
1. Verfasser: Hage, Jerald (VerfasserIn)
Format: Buch
Sprache:Englisch
Veröffentlicht: Nueva York John Wiley 1972
Schlagworte:
Tags: Tag hinzufügen
Keine Tags, Fügen Sie den ersten Tag hinzu!

MARC

LEADER 00000nam a2200000 a 4500
001 UCR2222
003 CL-VaPUC
008 980109e19720000US |||||||||||||||||eng|d
082 0 4 |a 301.01  |b HAG  |2 21 
100 |a Hage, Jerald  |e author  |9 412007 
245 1 0 |a Techniques and problems of theory construction in sociology 
300 |a 239 p 
942 |c BK 
945 |d 19980109 00:00:00  |a rleighto 
260 |a Nueva York  |b John Wiley  |c 1972 
650 0 |a Sociología   |9 255410 
650 0 |a Sociometría  |9 271452 
583 |a last modification  |c 19980109 00:00:00  |k Rodrigo Vera 
999 |c 265480  |d 265478 
952 |0 0  |1 0  |4 0  |6 301_010000000000000_HAG_1972  |7 0  |8 P  |9 296424  |a BIBGIM  |b BIBGIM  |d 2019-11-20  |i 3373967  |o 301.01 HAG 1972  |p 3373967  |r 2025-01-15  |w 2019-11-20  |y BK  |k GIM